Art škôlka

Enregistré dans:
Détails bibliographiques
Auteur principal: Kubánková, Barbora (Auteur)
Autres auteurs: Kráľová, Eva (Directeur de thèse)
Format: Manuscrit Livre
Langue:slovaque
Publié: Bratislava 2018
Sujets:
Accès en ligne:http://is.stuba.sk/zp/portal_zp.pl?podrobnosti=111607
Tags: Ajouter un tag
Pas de tags, Soyez le premier à ajouter un tag!

MARC

LEADER 00000ntm a22000003a 4500
001 stuzp63726
003 SK-STU
005 20210121102853.5
007 ta
008 150427s2015----xo-----f-mn---000-0-slo-d
040 |a STU  |b slo 
041 0 |a slo 
100 1 |a Kubánková, Barbora  |u 053130  |4 aut  |U FAD Fakulta architektúry  |T FA Ústav dejín a teórie architektúry a obnovy pamiatok  |X 65314  |U A3130  |Y 394  |7 65314 
242 0 1 |a Art nursery  |y eng 
245 1 0 |a Art škôlka 
260 |c 2018  |a Bratislava 
650 4 |a art škôlka  |2 slo 
650 4 |a umelecké potreby  |2 slo 
650 4 |a Petržalka  |2 slo 
650 4 |a Petrzalka  |2 eng 
650 4 |a art nursery  |2 eng 
650 4 |a artistic needs  |2 eng 
700 1 |a Kráľová, Eva  |u 053130  |k Z1  |4 ths  |U FAD Fakulta architektúry  |T FA Ústav dejín a teórie architektúry a obnovy pamiatok  |X 391  |U A3130  |Y 394  |7 A000000391 
856 4 |u http://is.stuba.sk/zp/portal_zp.pl?podrobnosti=111607  |u https://opac.crzp.sk/?fn=detailBiblioForm&sid=85D30AFD358849054C9BBC4E20A9